000 01207nam a2200217Ia 4500
003 Ost
005 20260416102359.0
008 260416s9999||||xx |||||||||||||| ||und||
040 _cfsecg
041 _aara
082 _a511.326
100 _aموهوني، مليكة
_eمؤلف
245 0 _aطرق التنبؤ :
_bمطبوعة موجهة لطلبة السنة الثانية ماستر علوم اقتصادية : تخصص: تحليل اقتصادي و استشراف /
_c مليكة موهوني
260 _aالجزائر
_bجامعة الجزائر3: كلية العلوم الإقتصادية، العلوم التجارية وعلوم التسيير
_c2022
300 _a104 ورقة
_bايضاحات
_c30 سم
504 _aالمراجع
520 _a أشكال دوال الانحدار الخطي وغير الخط، المعادلات الآنية وطرق استخدامها ، المعادلات الآنية وطرق استخدامها، نموذج الانحدار .
653 _aالدوال
710 _aجامعة الجزائر3: كلية العلوم الإقتصادية، العلوم التجارية وعلوم التسيير
_eناشر علمي
942 _cHANDOUT
999 _c41363
_d41363